[Event "Florianopolis op-A"]
[Site "Florianopolis"]
[Date "2023.09.23"]
[Round "4"]
[White "Rodrigues, Edgar"]
[Black "Casalaspro, Mathias Andre"]
[Result "0-1"]
[WhiteElo "2296"]
[BlackElo "2031"]
[PlyCount "92"]
[EventDate "2023.09.22"]
[EventType "swiss"]
[EventRounds "6"]
[EventCountry "BRA"]
[SourceTitle "EXT 2024"]
[Source "ChessBase"]
[SourceDate "2023.10.10"]
[SourceVersion "1"]
[SourceVersionDate "2023.10.10"]
[SourceQuality "1"]

1. e4 c6 2. d4 d5 3. e5 Bf5 4. Nc3 e6 5. g4 Bg6 6. Nge2 Ne7 7. Nf4 c5 8. h4 cxd4 9. Nb5 Nec6 10. h5 Be4 11. f3 a6 12. Nd6+ Bxd6 13. exd6 g5 14. Nh3 h6 15. fxe4 dxe4 16. Bg2 f5 17. 0-0 0-0 18. c3 Qxd6 19. Be3 d3 20. Qd2 Ne5 21. Bxg5 Nxg4 22. Qf4 Qxf4 23. Bxf4 Nd7 24. Bd6 Rfe8 25. Nf4 Ndf6 26. c4 Ne3 27. b3 Nxf1 28. Rxf1 Kf7 29. Nxd3 exd3 30. Bxb7 Rg8+ 31. Kf2 Ra7 32. Bf3 Rd7 33. c5 Rxd6 34. cxd6 e5 35. Bb7 Rd8 36. Bxa6 Rxd6 37. Bc4+ Ke7 38. a4 Ng4+ 39. Ke1 Ne3 40. Rf2 Nxc4 41. bxc4 Ke6 42. Rg2 e4 43. a5 Ke5 44. Rg6 Rd4 45. Rc6 d2+ 46. Kd1 e3 0-1

[Event "Titled Tuesday intern op 12th Sep Late"]
[Site "Chess.com INT"]
[Date "2023.09.12"]
[Round "10"]
[White "Casalaspro, Mathias Andre"]
[Black "Su, Dion"]
[Result "1-0"]
[WhiteElo "2031"]
[BlackElo "1922"]
[PlyCount "55"]
[EventDate "2023.09.12"]
[EventType "swiss (blitz)"]
[EventRounds "11"]
[EventCountry "USA"]
[SourceTitle "EXT 2024"]
[Source "ChessBase"]
[SourceDate "2023.10.10"]
[SourceVersion "1"]
[SourceVersionDate "2023.10.10"]
[SourceQuality "1"]

1. e4 e6 2. d4 d5 3. Nc3 Nf6 4. Bg5 Be7 5. e5 Nfd7 6. h4 h6 7. Bxe7 Qxe7 8. h5 a6 9. Qg4 f5 10. exf6 Nxf6 11. Qg6+ Qf7 12. Qxf7+ Kxf7 13. Nf3 Nbd7 14. 0-0-0 Rf8 15. Bd3 Kg8 16. Rde1 Re8 17. Bg6 Re7 18. Ne5 Nxe5 19. Rxe5 Bd7 20. f3 Be8 21. Rhe1 Bxg6 22. hxg6 Rae8 23. Ne2 Nd7 24. Re3 c5 25. c3 cxd4 26. cxd4 e5 27. Nf4 Re6 28. Nxe6 1-0

[Event "Titled Tuesday intern op 12th Sep Late"]
[Site "Chess.com INT"]
[Date "2023.09.12"]
[Round "6"]
[White "Korol, Dimitry"]
[Black "Casalaspro, Mathias Andre"]
[Result "1-0"]
[WhiteElo "2287"]
[BlackElo "2031"]
[PlyCount "45"]
[EventDate "2023.09.12"]
[EventType "swiss (blitz)"]
[EventRounds "11"]
[EventCountry "USA"]
[SourceTitle "EXT 2024"]
[Source "ChessBase"]
[SourceDate "2023.10.10"]
[SourceVersion "1"]
[SourceVersionDate "2023.10.10"]
[SourceQuality "1"]

1. d4 Nf6 2. c4 g6 3. Nc3 Bg7 4. e4 d6 5. Nf3 0-0 6. Be2 e5 7. dxe5 dxe5 8. Qxd8 Rxd8 9. Bg5 Re8 10. 0-0-0 c6 11. Nxe5 Rxe5 12. Rd8+ Re8 13. Bxf6 Rxd8 14. Bxd8 Bxc3 15. bxc3 Be6 16. Rd1 Nd7 17. Be7 Ne5 18. f4 Nxc4 19. f5 gxf5 20. exf5 Bd5 21. Rd4 Re8 22. Rg4+ Kh8 23. Bf6# 1-0

[Event "Caioba op 7th"]
[Site "Caioba"]
[Date "2023.06.19"]
[Round "3"]
[White "Casalaspro, Mathias Andre"]
[Black "Barbosa, Rafael Santos"]
[Result "1-0"]
[WhiteElo "1996"]
[BlackElo "1536"]
[PlyCount "93"]
[EventDate "2023.06.18"]
[EventType "swiss"]
[EventRounds "9"]
[EventCountry "BRA"]
[SourceTitle "CBM 214 Extra"]
[Source "ChessBase"]
[SourceDate "2023.07.31"]
[SourceVersion "1"]
[SourceVersionDate "2023.07.31"]
[SourceQuality "1"]

1. e4 e6 2. d4 d5 3. Nc3 dxe4 4. Nxe4 Nd7 5. Nf3 Ngf6 6. Nxf6+ Nxf6 7. c3 Be7 8. Bd3 0-0 9. 0-0 b6 10. Qe2 Bb7 11. Ba6 Qc8 12. Bxb7 Qxb7 13. Bg5 h6 14. Bh4 Nd5 15. c4 Nf4 16. Qe5 Ng6 17. Qg3 Nxh4 18. Nxh4 Bxh4 19. Qxh4 c5 20. Rad1 Rfd8 21. dxc5 Rxd1 22. Rxd1 bxc5 23. b3 Qc7 24. Qg3 Rd8 25. Rd3 Rxd3 26. Qxd3 Qa5 27. Qe2 Qc3 28. Qd1 Qd4 29. Qxd4 cxd4 30. c5 Kf8 31. b4 Ke7 32. b5 Kd7 33. a4 Kc7 34. a5 e5 35. g4 g6 36. h4 g5 37. hxg5 hxg5 38. f3 f6 39. Kf2 Kb7 40. Ke2 Kc7 41. a6 Kc8 42. Kd3 Kc7 43. Kc4 Kc8 44. b6 Kb8 45. c6 axb6 46. Kb5 d3 47. Kxb6 1-0

[Event "Caioba op 7th"]
[Site "Caioba"]
[Date "2023.06.19"]
[Round "2"]
[White "Do Valle Cardoso, Lucas"]
[Black "Casalaspro, Mathias Andre"]
[Result "1-0"]
[WhiteElo "2247"]
[BlackElo "1996"]
[PlyCount "51"]
[EventDate "2023.06.18"]
[EventType "swiss"]
[EventRounds "9"]
[EventCountry "BRA"]
[SourceTitle "CBM 214 Extra"]
[Source "ChessBase"]
[SourceDate "2023.07.31"]
[SourceVersion "1"]
[SourceVersionDate "2023.07.31"]
[SourceQuality "1"]

1. c4 Nf6 2. Nc3 g6 3. g3 Bg7 4. Bg2 0-0 5. Nf3 d6 6. 0-0 c6 7. d3 e5 8. Rb1 Ne8 9. Bg5 f6 10. Bd2 Be6 11. b4 d5 12. b5 dxc4 13. dxc4 Bxc4 14. bxc6 Nxc6 15. Rxb7 Nd6 16. Qa4 Rc8 17. Rb2 Kh8 18. Be3 f5 19. Rd1 Qc7 20. Rbd2 Rfd8 21. Nd5 Bxd5 22. Rxd5 Ne4 23. Rxd8+ Rxd8 24. Rxd8+ Qxd8 25. Qxc6 Nd6 26. Ng5 1-0

[Event "Sao Jose dos Campos op"]
[Site "Sao Jose dos Campos"]
[Date "2023.05.26"]
[Round "1"]
[White "Silva Moura, Otavio"]
[Black "Casalaspro, Mathias Andre"]
[Result "0-1"]
[WhiteElo "1582"]
[BlackElo "1947"]
[PlyCount "76"]
[EventDate "2023.05.26"]
[EventType "swiss"]
[EventRounds "5"]
[EventCountry "BRA"]
[SourceTitle "CBM 214 Extra"]
[Source "ChessBase"]
[SourceDate "2023.07.31"]
[SourceVersion "1"]
[SourceVersionDate "2023.07.31"]
[SourceQuality "1"]

1. e4 c6 2. d4 d5 3. exd5 cxd5 4. Bd3 Nc6 5. c3 Nf6 6. Nd2 Bg4 7. Ngf3 e6 8. 0-0 Bd6 9. Re1 Qc7 10. h3 Bh5 11. Qc2 0-0-0 12. Kf1 Rdg8 13. b4 g5 14. Ng1 g4 15. h4 Bg6 16. Nb3 Nxb4 17. cxb4 Qxc2 18. Bxc2 Bxc2 19. Bg5 Bd3+ 20. Ne2 Ne4 21. Be3 Bxb4 22. Red1 Bxe2+ 23. Kxe2 Nc3+ 24. Kd3 Nxd1 25. Rxd1 b6 26. Rc1+ Kd7 27. Rb1 Rc8 28. Nc1 Bd6 29. Ne2 Rc4 30. Rb3 Rhc8 31. Nc3 a6 32. Nb1 b5 33. a3 b4 34. a4 a5 35. f4 Rc2 36. Nd2 R8c3+ 37. Rxc3 Rxc3+ 38. Ke2 Ra3 0-1

[Event "Paulista-chTB"]
[Site "Sao Paulo"]
[Date "2023.03.05"]
[Round "5"]
[White "Casalaspro, Mathias Andre"]
[Black "Piekarski, Atila Balzer"]
[Result "1-0"]
[WhiteElo "1833"]
[BlackElo "2050"]
[PlyCount "49"]
[EventDate "2023.03.03"]
[EventType "team-swiss"]
[EventRounds "5"]
[EventCountry "BRA"]
[SourceTitle "CBM 213 Extra"]
[Source "ChessBase"]
[SourceDate "2023.05.31"]
[SourceVersion "1"]
[SourceVersionDate "2023.05.31"]
[SourceQuality "1"]
[WhiteTeam "Kiin Hikaru"]
[BlackTeam "LXSBC II"]
[WhiteTeamCountry "BRA"]
[BlackTeamCountry "BRA"]

1. e4 e5 2. f4 exf4 3. Bc4 Qh4+ 4. Kf1 d6 5. Nf3 Qh6 6. d4 Be6 7. Qd3 Nd7 8. Nc3 c6 9. Ne2 g5 10. h4 Bxc4 11. Qxc4 f6 12. Qe6+ Kd8 13. g3 Qh5 14. Kf2 Kc7 15. gxf4 Re8 16. Qc4 Nb6 17. Qb3 gxf4 18. Nxf4 Qb5 19. Qf7+ Kd8 20. Ne6+ Rxe6 21. Qxe6 d5 22. Rg1 dxe4 23. Rxg8 exf3 24. Qxf6+ Kd7 25. Qf7+ 1-0

[Event "Hebraica op 30th"]
[Site "Hebraica"]
[Date "2023.02.10"]
[Round "2"]
[White "Casalaspro, Mathias Andre"]
[Black "Vianna, Tulio Lima"]
[Result "1-0"]
[WhiteElo "1828"]
[BlackElo "1454"]
[PlyCount "37"]
[EventDate "2023.02.10"]
[EventType "swiss"]
[EventRounds "7"]
[EventCountry "BRA"]
[SourceTitle "CBM 212 Extra"]
[Source "ChessBase"]
[SourceDate "2023.03.31"]
[SourceVersion "1"]
[SourceVersionDate "2023.03.31"]
[SourceQuality "1"]

1. e4 c5 2. Nf3 g6 3. c3 Bg7 4. d4 b6 5. Bc4 e6 6. Bg5 Ne7 7. e5 d5 8. Bd3 c4 9. Bc2 0-0 10. h4 Qc7 11. Bf6 Nec6 12. h5 Nd7 13. Bxg7 Kxg7 14. hxg6 hxg6 15. Qd2 f5 16. Qh6+ Kf7 17. Ng5+ Ke7 18. Qg7+ Kd8 19. Nxe6+ 1-0